JTEC panel report on construction technologies in Japan

Kaydedildi:
Detaylı Bibliyografya
Materyal Türü: Kitap
Dil:Undetermined
Baskı/Yayın Bilgisi: Baltimore International Technology Research Institute 1991
Konular:
Etiketler: Etiketle
Etiket eklenmemiş, İlk siz ekleyin!
Thư viện lưu trữ: Trung tâm Học liệu Trường Đại học Cần Thơ
LEADER 00532nam a2200181Ia 4500
001 CTU_99182
008 210402s9999 xx 000 0 und d
082 |a 338.4 
082 |b J89/1991 
245 0 |a JTEC panel report on construction technologies in Japan 
245 0 |c R. L. Tucker ... [et al.] 
260 |a Baltimore 
260 |b International Technology Research Institute 
260 |c 1991 
650 |a Technology transfer 
650 |z Japan 
904 |i Giang 
980 |a Trung tâm Học liệu Trường Đại học Cần Thơ